000 00506nam a2200169 4500
001 125864
003 ES-MaACL
007 t|
008 070214s1938 fr r ||||1| fre d
100 1 _aRaymond, Jean.
_995632
245 1 2 _aL'urbanisme a la portée de tous /
_cJean Raymond ; préface de R. Dautry.
250 _a2ª. ed.
260 _aChartres :
_b[s.n.],
_c1938 (
_fImp. Laíné et Tautet)
300 _aVII, 181 p. ;
_c21 cm.
700 1 _aDautry, R.
_942840
852 _aES-MaACL
_jB-9126
_bR.18697
999 _c125864
_d125864